Sálská, francká dynastie v německých reáliích

História cisársej Sálskej dynastie, nazývanej aj Franská. Životopisy jednotlivých panovníkov.

Saved in:
Bibliographic Details
Main Author: Maier, Tomas, 1965-
Format: Book Chapter
Language:Czech
Subjects:
Tags: Add Tag
No Tags, Be the first to tag this record!

MARC

LEADER 00000nla$a2200000$$$4500
001 0243753
005 20240502073941.1
041 0 |a cze 
044 |a SK 
245 1 0 |a Sálská, francká dynastie v německých reáliích  |c Tomas Maier 
520 |a História cisársej Sálskej dynastie, nazývanej aj Franská. Životopisy jednotlivých panovníkov. 
610 2 0 |a história 
610 2 0 |a Nemecko 
610 2 0 |a federalizmus 
610 2 0 |a monarchia 
100 1 |a Maier, Tomas, 1965-